| 000 | 00601nam a2200181 a 4500 | ||
|---|---|---|---|
| 005 | 20210223121501.0 | ||
| 008 | 991125s1958 jap 000 0 eng u | ||
| 035 | _aUPN01000018439 | ||
| 049 | _aCG | ||
| 050 | 4 |
_aL611 _bJ3 1956 |
|
| 110 | 1 |
_aJapón. _bMinistry of Education |
|
| 245 | 1 | 0 |
_aEducation in 1956 : _bannual report of the Ministry of Education / _cMinistry of Education. |
| 260 |
_aJapón : _bMinistry of Education, _c1958. |
||
| 300 | _a133, 85 p., [3] p. de láms. | ||
| 650 | 4 |
_aEDUCACION - _zJAPON _917340 |
|
| 610 | 1 | 4 |
_aJAPON. _bMINISTERIO DE EDUCACION - _vINFORMES _96699 |
| 905 | _aLibro | ||
| 999 |
_c18439 _d18439 |
||